• 首页
  • 本馆介绍
  • 公告通知
  • 最新文献
  • 馆藏检索
  • 电子资源
  • 读者导购
  • 参考咨询
  • 我的图书馆
  • 登录
  • 详细信息显示
  • 放入我的书架
  • 预约/预借图书
  • 作者相关作品
  • 分类相关作品
  • 丛书相关作品
  • 出版社相关作品

书目信息

  • 表格格式
  • 工作单格式
  • 卡片格式
题名:
酒国
    
 
作者: 莫言 著
分册:  
出版信息: 北京   作家出版社  2012.11
页数: 361页
开本: 23cm
丛书名: 莫言文集
单 册:
中图分类: I247.57 , I217.2
科图分类:
主题词: 长篇小说--中国--当代 , 长篇小说 , 文学--作品集--中国
电子资源:
ISBN: 978-7-5063-6694-6
000 00982oam2 2200289 450
001 010010106751
005 20130422161442.73
010    @a978-7-5063-6694-6@dCNY35.00,CNY700.00(全20册)
100    @a20121119d2012 em y0chiy50 ea
101 0  @achi
102    @aCN@b110000
105    @ay z 000ay
106    @ar
200 1  @a酒国@9jiu guo@f莫言著
210    @a北京@c作家出版社@d2012.11
215    @a361页@d23cm
225 2  @a莫言文集
330    @a本书以特技侦察员丁钩儿到酒国市调查一个特殊案子;但到酒国市的人没有谁能经得起诱惑,在权力、美酒和女人之间周旋的过程中,丁钩儿虽不断提醒自己不要喝酒,最后却醉酒淹死在茅厕里。通过书中的故事,小说犀利地揭示了这个社会的可怕奥秘。
461  0 @12001 @a莫言文集
606 0  @a长篇小说@y中国@z当代
606 0  @a长篇小说
606 0  @a文学@x作品集@x中国
690    @aI247.57@v5
690    @aI217.2@v4
701  0 @a莫言@9mo yan@f(1955-)@4著
801  0 @aCN@bRENTIAN@c20121119
905    @b541940-42@dI217.2@e656:10@f3@xCNY35.00
    
    酒国/莫言著.-北京:作家出版社,2012.11
    361页;23cm.-(莫言文集)
    
    
    ISBN 978-7-5063-6694-6:CNY35.00,CNY700.00(全20册)
    本书以特技侦察员丁钩儿到酒国市调查一个特殊案子;但到酒国市的人没有谁能经得起诱惑,在权力、美酒和女人之间周旋的过程中,丁钩儿虽不断提醒自己不要喝酒,最后却醉酒淹死在茅厕里。通过书中的故事,小说犀利地揭示了这个社会的可怕奥秘。
●
相关链接 在E读中查询图书 在五车中查询图书 在当当中查询图书 在豆瓣中查询图书


正题名:酒国     索取号:I217.2/656:10         预约/预借

序号 登录号 条形码 馆藏地/架位号 状态 备注
1 0541940   205419402   第一样本阅览室/ [索取号:I217.2/656:10] 在馆    
2 0541941   205419411   第二借阅区/ [索取号:I217.2/656:10] 已借出,限还日期为2026.06.15
借出人:杜可  
 
3 0541942   205419420   第二借阅区/ [索取号:I217.2/656:10] 在馆    
唐山师范学院图书馆 欢迎您!
大连网信软件有限公司© 版权所有